Höchste Hochhäuser in Österreich - Statistiken

Allgemein
  • Dieses Quiz wurde 19 mal gespielt
  • Das Durchschnittsergebnis liegt bei 4 aus 20
Antwortstatistiken
Bildquiz Hint Antwort % Korrekt
Wien (Donaustadt) [220 m] DC Tower 1
81%
Wien (Brigittenau) [171 m] Millennium Tower
81%
Wien (Donaustadt) [127 m] Vienna International Centre
44%
Wien (Floridsdorf) [113 m] Florido Tower
38%
Wien (Favoriten) [138 m] Vienna Twin Towers
31%
Wien (Liesing) [85 m] Wohnpark Alt-Erlaa
31%
Linz (Innenstadt) [99 m] Terminal Tower
25%
Linz (Urfahr) [99 m] Bruckner Tower
19%
Wien (Donaustadt) [104 m] Andromeda Tower
13%
Wien (Donaustadt) [92 m] Ares Tower
13%
Wien (Donaustadt) [130 m] IZD Tower
13%
Wien (Donaustadt) [110 m] Mischek Tower
13%
Wien (Floridsdorf) [100 m] CGL Tower
6%
Wien (Landstraße) [87 m] City Tower Vienna
6%
Wien (Favoriten) [107 m] Delugan-Meissl-Tower
6%
Wien (Donaustadt) [120 m] Hochhaus Neue Donau
6%
Wien (Favoriten) [88 m] ÖBB-Konzernzentrale
6%
Wien (Donaustadt) [90 m] Saturn Tower
6%
Wien (Landstraße) [95 m] TownTown CB03
6%
Wien (Landstraße) [115 m] ORBI Tower
0%
Keine übereinstimmenden Quizze gefunden
Verteilung der Resultate
Anzahl Personen mit jedem Resultat
Perzentil nach korrekt beantworteten Fragen
Ihre Resultats-Entwicklung
Sie haben dieses Quiz noch nicht gespielt